MARC

LEADER 00000nam0a2200000 4500
001 252444
005 20231101232742.0
035 |a (RuTPU)RU\TPU\book\274787 
090 |a 252444 
100 |a 20140303d1989 m y0rusy50 ca 
101 0 |a rus 
102 |a RU 
105 |a a z 001zy 
200 1 |a ЭВМ новых поколений и перспективы их использования в народном хозяйстве  |e материалы семинара  |f Московский Дом научно-технической пропаганды ; под ред. Д. А. Поспелова 
210 |a Москва  |c Изд-во МДНТП  |d 1989 
215 |a 162 с.  |c ил. 
320 |a Библиогр. в конце ст. 
606 1 |a Вычислительные машины электронные  |x Использование  |2 stltpush  |3 (RuTPU)RU\TPU\subj\4175  |9 32475 
610 1 |a народное хозяйство 
610 1 |a вычисления 
610 1 |a вычислительные средства 
610 1 |a компьютеры 
610 1 |a программное обеспечение 
610 1 |a семантика 
610 1 |a принятие решений 
675 |a 681.3.004  |v 3 
702 1 |a Поспелов  |b Д. А.  |4 340 
712 0 2 |a Московский Дом научно-технической пропаганды  |2 stltpush  |3 (RuTPU)RU\TPU\col\7885  |9 24405 
801 1 |a RU  |b 63413507  |c 20140303 
801 2 |a RU  |b 63413507  |c 20140411  |g RCR 
942 |c BK